The Purpose driven life : (Record no. 3018)
[ view plain ]
| 000 -LEADER | |
|---|---|
| fixed length control field | 00664nam a22002052 4500 |
| 001 - CONTROL NUMBER | |
| control field | 0000005977 |
| 005 - DATE AND TIME OF LATEST TRANSACTION | |
| control field | 20151217145828.0 |
| 008 - FIXED-LENGTH DATA ELEMENTS--GENERAL INFORMATION | |
| fixed length control field | 070905s xx 000 0 eng d |
| 020 ## - INTERNATIONAL STANDARD BOOK NUMBER | |
| International Standard Book Number | 0310210747 : |
| Terms of availability | KES 990 |
| 040 ## - CATALOGING SOURCE | |
| Original cataloging agency | KABU |
| Transcribing agency | KABU |
| 100 1# - MAIN ENTRY--PERSONAL NAME | |
| Personal name | Warren, Rick. |
| -- | 0000157307 |
| 245 14 - TITLE STATEMENT | |
| Title | The Purpose driven life : |
| Remainder of title | what on earth am I here for? / |
| Statement of responsibility, etc. | Rick Warren. |
| 260 ## - PUBLICATION, DISTRIBUTION, ETC. (IMPRINT) | |
| Place of publication, distribution, etc. | Grand Rapids, Michigan : |
| Name of publisher, distributor, etc. | Zondervan, |
| Date of publication, distribution, etc. | c2002. |
| 300 ## - PHYSICAL DESCRIPTION | |
| Extent | 334 p. ; |
| Dimensions | 21 cm. |
| 504 ## - BIBLIOGRAPHY, ETC. NOTE | |
| Bibliography, etc | Includes bibliographical references (p. 327-334) |
| 650 #0 - SUBJECT ADDED ENTRY--TOPICAL TERM | |
| Topical term or geographic name as entry element | Christian life. |
| -- | 0000149167 |
| 852 1# - LOCATION | |
| -- | p490 KES |
| 908 ## - PUT COMMAND PARAMETER (RLIN) | |
| Put command parameter | 070905 |
| 950 ## - LOCAL HOLDINGS (RLIN) | |
| -- | 1 |
| Withdrawn status | Lost status | Source of classification or shelving scheme | Not for loan | Home library | Current library | Date acquired | Total Checkouts | Full call number | Barcode | Date last seen | Price effective from | Koha item type | Total Renewals | Date last checked out | Source of acquisition | Inventory number | Copy number | Shelving location |
|---|---|---|---|---|---|---|---|---|---|---|---|---|---|---|---|---|---|---|
| Library of Congress Classification | Kabarak, Main Campus | Kabarak, Main Campus | 17/12/2015 | BV4501.2 .W37 c. 5 | 16890 | 17/12/2015 | 17/12/2015 | General Collection | ||||||||||
| Library of Congress Classification | Kabarak, Main Campus | Kabarak, Main Campus | 17/12/2015 | BV4501.2 .W37 c. 2 | 004302 | 17/12/2015 | 17/12/2015 | General Collection | ||||||||||
| Library of Congress Classification | Kabarak, Main Campus | Kabarak, Main Campus | 17/12/2015 | BV4501.2 .W37 c. 3 | 17/12/2015 | 17/12/2015 | General Collection | |||||||||||
| Library of Congress Classification | Kabarak, Main Campus | Kabarak, Main Campus | 17/12/2015 | BV4501.2 .W37 | 17/12/2015 | 17/12/2015 | General Collection | |||||||||||
| Library of Congress Classification | Kabarak, Main Campus | Kabarak, Main Campus | 17/12/2015 | 8 | BV4501.2 .W37 c. 1 | 016837 | 03/10/2022 | 17/12/2015 | General Collection | 1 | 16/09/2022 | |||||||
| Library of Congress Classification | Kabarak, Main Campus | Kabarak, Main Campus | 17/12/2015 | BV4501.2 .W37 C. 6 | 39450 | 08/12/2025 | 17/12/2015 | General Collection | Donation | 2025/3138 | C.6 | |||||||
| Library of Congress Classification | Kabarak, Main Campus | Kabarak, Main Campus | 17/12/2015 | 2 | BV4501.2 .W37 C. 7 | 39705 | 07/04/2026 | 17/12/2015 | General Collection | 1 | 13/03/2026 | Donation | 2025/3175 | C.7 | ||||
| Library of Congress Classification | Kabarak, Nakuru City Campus | Kabarak, Nakuru City Campus | 17/12/2015 | BV4501.2 .W37 C. 1 | 39980 | 11/12/2025 | 17/12/2015 | General Collection | Donation | 2025/3608 | C.1 | General Stacks | ||||||
| Library of Congress Classification | Kabarak, Nakuru City Campus | Kabarak, Nakuru City Campus | 17/12/2015 | BV4501.2 .W37 C. 2 | 39971 | 16/02/2026 | 17/12/2015 | General Collection | Donation | 2025/3590 | C.2 | General Stacks |